1245 1146 1214 1830 1853 1810 1694 1064 1270 1872 1464 1471 1440 1250 1676 1819 1280 1449 1860 1913 1842 1019 1073 1247 1683 1071 1630 1039 1450 1241 1629 1047 1025 1404 1775 1598 1039 1151 1701 1456 1518 1531 1069 1217 1860 1646 1519 1397 1189 1430 1117 1580 1645 1269 1130 1730 1253 1795 1832 1844 1472 1180 1182 1535 1379 1335 1993 1653 1646 1984 1649 1424 1976 1225 1231 1499 1558 1694 1257 1111 1193 1132 1361 1824 1709 1784 1521 1260 1425 1303 1554 1360 1481 1853 1281 1374 1411 1660 1291 BCNSPRNW ULIB Ver.6.0+V

เปลี่ยนเป็นภาษาไทย

Change to English
 แสดงรายละเอียดบรรณานุกรม
  กลับหน้าหลัก

Brief Record : Get Marc (ISO 2709) : E-mail record : QR code < ปิดหน้าต่าง
LEADER : 00000nam 2200000uu 4500
001    13399127795
003     ULIB
008    210916s2562||||th 000 0 tha d
020    ^a9742937915 (ล.2)
020    ^a9789742937911
060 04 ^aWY157^bก496ก ล.2
110 1  ^aกระทรวงสาธารณสุข. ^bสถาบันพระบรมราชชนก.^bโครงการสวัสดิการวิชาการ
245 00 ^aการพยาบาลสูติศาสตร์ เล่ม 2 /^cบรรณาธิการ, มณีภรณ์ โสภานุสรณ์
250    ^aพิมพ์ครั้งที่ 15
260    ^aนนทบุรี :^bโครงการสวัสดิการวิชาการ สถาบันพระบรมราชชนกกระทรวงสาธารณสุข,^c2562
300    ^a213 หน้า:^bภาพประกอบ ;^c26 ซม.
650  7 ^aการพยาบาลสูติศาสตร์
700 0  ^aวรรณรัตน์ จงเจริญยานนท์,^eบรรณาธิการ
710 2  ^aกระทรวงสาธารณสุข. ^bสถาบันพระบรมราชชนก.^bโครงการสวัสดิการวิชาการ
945    ^p200^l0^i28922
945    ^p200^l0^i28923
945    ^p200^l0^i28924
945    ^p200^l0^i28925
945    ^p200^l0^i28926
995    ^aกัณชพร จุลอักษร
999    ^aกัณชพร
รายการนี้ยังไม่มีแท็ก
คุณยังไม่ได้ล็อกอิน คุณสามารถมีกิจกรรมร่วมกับเว็บไซต์ได้ แต่ต้องล็อกอินก่อน ::
  ล็อกอิน

รายการสื่อสารสนเทศ

ลำดับที่ ประเภท เลขเรียก/บาร์โค้ด สถานที่ สถานะ
1. หนังสือสำรอง
หนังสือสำรอง
WY157 ก496ก ล.2 ฉ.1 
  Barcode: 28922
ห้องสมุดวิทยาเขตนครสวรรค์
►หนังสือทั่วไป:l:General Books
บนชั้น
2. วิทยาศาสตร์การแพทย์ และสุขภาพ
วิทยาศาสตร์การแพทย์ และสุขภาพ
WY157 ก496ก ล.2 ฉ.2 
  Barcode: 28923
ห้องสมุดวิทยาเขตนครสวรรค์
►หนังสือทั่วไป:l:General Books
บนชั้น
3. วิทยาศาสตร์การแพทย์ และสุขภาพ
วิทยาศาสตร์การแพทย์ และสุขภาพ
WY157 ก496ก ล.2 ฉ.3 
  Barcode: 28924
ห้องสมุดวิทยาเขตนครสวรรค์
►หนังสือทั่วไป:l:General Books
บนชั้น
4. วิทยาศาสตร์การแพทย์ และสุขภาพ
วิทยาศาสตร์การแพทย์ และสุขภาพ
WY157 ก496ก ล.2 ฉ.4 
  Barcode: 28925
ห้องสมุดวิทยาเขตนครสวรรค์
►หนังสือทั่วไป:l:General Books
บนชั้น
5. วิทยาศาสตร์การแพทย์ และสุขภาพ
วิทยาศาสตร์การแพทย์ และสุขภาพ
WY157 ก496ก ล.2 ฉ.5 
  Barcode: 28926
ห้องสมุดวิทยาเขตนครสวรรค์
►หนังสือทั่วไป:l:General Books
บนชั้น

รายการใกล้เคียง
    หัวเรื่อง [การพยาบาลสูติศาสตร์]

BibComment


ยังไม่เคยถูกคอมเมนท์

คอมเมนท์ทรัพยากรรายการนี้
  คอมเมนท์: การพยาบาลสูติศาส..


 Copyright 2026. Bcnsprnw @Library